History Quiz

Random History or State Quiz
Score 0/19 Timer 03:00
1 Play Today
Electoral Votes State(s) % Correct
55California
99.7%
29Florida, New York
97.9%
38Texas
97.9%
20Illinois, Pennsylvania
93.2%
18Ohio
82.2%
16Georgia, Michigan
81.3%
3Alaska, Montana, North Dakota, South Dakota, Vermont, Wyoming, Washington DC, Delaware
72.3%
15North Carolina
64.3%
4Hawaii, Idaho, Maine, New Hampshire, Rhode Island
63.3%
11Arizona, Indiana, Massachusetts, Tennessee
61.4%
Electoral Votes State(s) % Correct
10Maryland, Minnesota, Missouri, Wisconsin
53.9%
6Arkansas, Iowa, Kansas, Mississippi, Nevada, Utah
53.6%
14New Jersey
49.2%
9Alabama, Colorado, South Carolina
48.7%
13Virginia
47.3%
7Connecticut, Oklahoma, Oregon
44.1%
5Nebraska, New Mexico, West Virginia
43%
12Washington
40.8%
8Kentucky, Louisiana
34.9%
Remove Ads.
Support Sporcle.
Get the best of Sporcle when you Go Orange. This ad-free experience offers more features, more stats, and more fun while also helping to support Sporcle. Thank you for becoming a member.

You're not logged in!

Compare scores with friends on all Sporcle quizzes.
OR
Log In

Show Comments

Extras

Top Quizzes Today


Score Distribution

Your Account Isn't Verified!

In order to create a playlist on Sporcle, you need to verify the email address you used during registration. Go to your Sporcle Settings to finish the process.

Report this User

Report this user for behavior that violates our Community Guidelines.

Details: